The Anatomy of Courage (Record no. 193863)
[ view plain ]
| 000 -LEADER | |
|---|---|
| fixed length control field | 00485 a2200157 4500 |
| 003 - CONTROL NUMBER IDENTIFIER | |
| control field | Nust |
| 005 - DATE AND TIME OF LATEST TRANSACTION | |
| control field | 20221221104608.0 |
| 040 ## - CATALOGING SOURCE | |
| Transcribing agency | Nust |
| 082 ## - DEWEY DECIMAL CLASSIFICATION NUMBER | |
| Classification number | 179.6, MOR |
| 100 ## - MAIN ENTRY--PERSONAL NAME | |
| Personal name | Lord Morn |
| 9 (RLIN) | 105457 |
| 245 ## - TITLE STATEMENT | |
| Title | The Anatomy of Courage |
| Statement of responsibility, etc. | Lord Moran |
| 260 ## - PUBLICATION, DISTRIBUTION, ETC. | |
| Place of publication, distribution, etc. | london |
| Name of publisher, distributor, etc. | Constable |
| Date of publication, distribution, etc. | 1972 |
| 300 ## - PHYSICAL DESCRIPTION | |
| Extent | xiv216 p.; |
| 505 ## - FORMATTED CONTENTS NOTE | |
| Formatted contents note | Part One -The Discovery of Fear (Page-3), Part Two -How Courage is Spent (Page-67), Part Three -The Care and Management of Fear (Page-161). |
| 942 ## - ADDED ENTRY ELEMENTS (KOHA) | |
| Source of classification or shelving scheme | |
| Koha item type | Book |
| Withdrawn status | Lost status | Source of classification or shelving scheme | Damaged status | Not for loan | Permanent Location | Current Location | Shelving location | Date acquired | Full call number | Barcode | Date last seen | Price effective from | Koha item type | Public note |
|---|---|---|---|---|---|---|---|---|---|---|---|---|---|---|
| Military College of Signals (MCS) | Military College of Signals (MCS) | General Stacks | 12/12/2016 | 179.6,MOR | MCS22026 | 12/08/2016 | 12/12/2016 | Book | Almirah No.73, Shelf No.2 | |||||
| Military College of Signals (MCS) | Military College of Signals (MCS) | General Stacks | 12/12/2016 | 179.6,MOR | MCS36774 | 12/08/2016 | 12/12/2016 | Book | Almirah No.73, Shelf No.2 | |||||
| Military College of Signals (MCS) | Military College of Signals (MCS) | General Stacks | 12/12/2016 | 179.6,MOR | MCS6668 | 12/08/2016 | 12/12/2016 | Book | Almirah No.46, Shelf No.5 |
